Normal view MARC view

Entry Personal Name

Number of records used in: 1

001 - CONTROL NUMBER

  • control field: 32552

003 - CONTROL NUMBER IDENTIFIER

  • control field: OSt

005 - DATE AND TIME OF LATEST TRANSACTION

  • control field: 20220906170900.0

008 - FIXED-LENGTH DATA ELEMENTS

  • fixed length control field: 220906|| aca||aabn | a|a d

040 ## - CATALOGING SOURCE

  • Original cataloging agency: OSt
  • Transcribing agency: OSt

100 ## - HEADING--PERSONAL NAME

  • Personal name: Shivay, Y.S. and Singh, Teekam

670 ## - SOURCE DATA FOUND

  • Source citation: Work cat.: (OSt)519578: Shivay, Y.S. and Singh, Teekam , Pradhan Mantri Awaas Yojana- Towards affordable housing

Powered by Koha